Famous People Named Russell - Statistics

General Stats
  • This quiz has been taken 155 times
  • The average score is 4 of 10
Answer Stats
Life Hint Person % Correct
1964– Actor in Gladiator and A Beautiful Mind Russell Crowe
90%
1951– Actor: Escape from New York, The Thing, Big Trouble in Little China Kurt Russell
67%
1975– Comedian in Forgetting Sarah Marshall and Get Him to the Greek Russell Brand
61%
1934–2022 Won 11 NBA championships with the Celtics during his 13-year career Bill Russell
49%
1921–2011 Gentlemen Prefer Blondes actress; 1940s and 1950s sex symbol Jane Russell
44%
1988– 9-time NBA All-Star who plays point guard for the Lakers Russell Westbrook
39%
1976– Portrayed the titular character on Felicity Keri Russell
36%
1872-1970 British philosopher and logician who won the Nobel Prize in 1950 Bertrand Russell
27%
1957– Co-founded hip-hop music label Def Jam Russell Simmons
20%
1958– Director: The Fighter, Silver Linings Playbook, American Hustle David O. Russell
16%
No matching quizzes found
Score Distribution
Percent of People with Each Score
Percentile by Number Answered
Your Score History
You have not taken this quiz